[Event "CZE-chT2c 0405"]
[Site "Czech Republic"]
[Date "2005.01.16"]
[Round "6.7"]
[White "Novotny, Josef"]
[Black "Turek, Karel"]
[Result "1/2-1/2"]
[WhiteElo "2181"]
[BlackElo "1940"]
[PlyCount "94"]
[EventDate "2004.10.17"]
[EventType "team"]
[EventRounds "11"]
[EventCountry "CZE"]
[SourceTitle "EXT 2007"]
[Source "ChessBase"]
[SourceDate "2006.11.23"]
[SourceVersion "1"]
[SourceVersionDate "2006.11.23"]
[SourceQuality "1"]
[WhiteTeam "Rychnov nad Kneznou"]
[BlackTeam "Kobylisy"]
[WhiteTeamCountry "CZE"]
[BlackTeamCountry "CZE"]

1. e3 d5 2. d3 Nf6 3. Nf3 Bg4 4. Be2 Nbd7 5. b3 e5 6. Bb2 Bd6 7. Nc3 c6 8. Qd2 Qe7 9. a3 a5 10. h3 Bh5 11. g4 Bg6 12. g5 Ng8 13. e4 d4 14. Nb1 c5 15. Nh4 Qd8 16. Nf5 Bxf5 17. exf5 h6 18. Rg1 hxg5 19. Rxg5 Rxh3 20. Rxg7 Rh1+ 21. Bf1 Ngf6 22. Qe2 Bf8 23. Rg3 Nh5 24. Rf3 Qg5 25. Nd2 Nf4 26. Qe4 0-0-0 27. 0-0-0 Rh2 28. Kb1 Nf6 29. Qxe5 Bd6 30. Qe1 Re8 31. Ne4 Nxe4 32. dxe4 Qh5 33. Be2 Nxe2 34. Qxe2 Rh3 35. Rdd3 Rxf3 36. Rxf3 Qg4 37. Re3 Qh4 38. Qb5 Rxe4 39. Rxe4 Qxe4 40. f6 Qe1+ 41. Ka2 Qe6 42. Qxa5 Qxf6 43. Qd2 Qe6 44. a4 b6 45. Qd3 Bc7 46. Ba3 Qg6 47. Qc4 Qf5 1/2-1/2